Every B&M in the US - Map Quiz - Statistics

General Stats
  • This quiz has been taken 29 times
  • The average score is 57 of 63
Answers on the Map
Answers color-coded by a green-red scale on the quiz's map according to % correct below.
 
Answer Stats
Answer % Correct
Apollo's Chariot
97%
Banshee
97%
Batman - The Dark Knight
97%
Batman The Ride
97%
Batman The Ride
97%
Batman The Ride
97%
Batman The Ride
97%
Batman The Ride
97%
Batman The Ride
97%
Candymonium
97%
GateKeeper
97%
Goliath
97%
Goliath
97%
Great Bear
97%
Kumba
97%
Orion
97%
SheiKra
97%
Superman Krypton Coaster
97%
Superman - Ultimate Flight
97%
Superman - Ultimate Flight
97%
Superman - Ultimate Flight
97%
Alpengeist
93%
Dr. Diabolical's Cliffhanger
93%
Fury 325
93%
Griffon
93%
Iron Menace
93%
Manta
93%
Montu
93%
Raptor
93%
Tatsu
93%
Wild Eagle
93%
Diamondback
90%
Mako
90%
Rougarou
90%
Valravn
90%
Afterburn
86%
Dominator
86%
Firebird
86%
Great White
86%
Incredible Hulk
86%
Kraken
86%
Medusa
86%
Medusa
86%
Nitro
86%
Patriot
86%
Patriot
86%
Scream!
86%
Talon
86%
Thunder Striker
86%
Emperor
83%
Flight Deck
83%
Georgia Scorcher
83%
Hydra the Revenge
83%
Pipeline the Surf Coaster
83%
Raging Bull
83%
Riddler's Revenge
83%
Thunderbird
83%
X-Flight
83%
Penguin Trek
79%
Phoenix Rising
79%
Silver Bullet
79%
Wildfire
79%
Vortex
76%
No matching quizzes found
Score Distribution
Percent of People with Each Score
Percentile by Number Answered
Your Score History
You have not taken this quiz